[Event "Oskarja Memorial 10th"]
[Site "Chess.com INT"]
[Date "2021.01.16"]
[Round "8"]
[White "Begic, Domagoj"]
[Black "Bijelic, Milan"]
[Result "1-0"]
[WhiteElo "1873"]
[BlackElo "2019"]
[PlyCount "53"]
[EventDate "2021.01.16"]
[EventType "swiss (blitz)"]
[EventRounds "15"]
[EventCountry "SLO"]
[SourceTitle "CBM 200 Extra"]
[Source "ChessBase"]
[SourceDate "2021.03.31"]
[SourceVersion "1"]
[SourceVersionDate "2021.03.31"]
[SourceQuality "1"]

1. c4 c6 2. Nc3 d5 3. cxd5 cxd5 4. d4 Nc6 5. Nf3 Nf6 6. e3 Bg4 7. Be2 Bxf3 8. Bxf3 e6 9. 0-0 Bd6 10. a3 h5 11. h3 g5 12. e4 dxe4 13. Nxe4 Nxe4 14. Bxe4 g4 15. g3 Qc7 16. d5 Ne7 17. dxe6 fxe6 18. hxg4 Bxg3 19. fxg3 Qxg3+ 20. Bg2 hxg4 21. Bf4 Qh4 22. Qa4+ Kd8 23. Rad1+ Nd5 24. Bxd5 Ke7 25. Qb4+ Ke8 26. Bxb7 g3 27. Bc6+ 1-0

[Event "Oskarja Memorial 10th"]
[Site "Chess.com INT"]
[Date "2021.01.16"]
[Round "4"]
[White "Bijelic, Milan"]
[Black "Orel Music, Simona"]
[Result "1-0"]
[WhiteElo "2019"]
[BlackElo "1799"]
[PlyCount "105"]
[EventDate "2021.01.16"]
[EventType "swiss (blitz)"]
[EventRounds "15"]
[EventCountry "SLO"]
[SourceTitle "CBM 200 Extra"]
[Source "ChessBase"]
[SourceDate "2021.03.31"]
[SourceVersion "1"]
[SourceVersionDate "2021.03.31"]
[SourceQuality "1"]

1. d4 d5 2. Nf3 c6 3. c3 Nf6 4. Bg5 Ne4 5. Bf4 Bf5 6. e3 e6 7. Nbd2 Nd7 8. Nxe4 Bxe4 9. Bd3 Nf6 10. Bg5 Bxd3 11. Qxd3 Be7 12. Bxf6 Bxf6 13. 0-0 0-0 14. e4 dxe4 15. Qxe4 Qd5 16. Qe2 Rad8 17. Rfe1 g6 18. a3 Bg7 19. Qc2 Qh5 20. h3 Rfe8 21. Qa4 a6 22. Ne5 Rd5 23. Nf3 Red8 24. Qc2 Qf5 25. Qa4 Qd3 26. Rad1 Qb5 27. Qc2 Qb6 28. b4 Qc7 29. Qb3 h5 30. a4 b6 31. Qc2 c5 32. c4 cxd4 33. Qd3 R5d7 34. Rc1 e5 35. c5 bxc5 36. Rxc5 Qd6 37. a5 Re8 38. Nd2 f5 39. Nc4 Qf6 40. Nxe5 Rxe5 41. Rcxe5 Qxe5 42. Rxe5 Bxe5 43. Qxa6 Kf7 44. Qd3 Rc7 45. g3 Rc1+ 46. Kg2 Rc3 47. Qb5 Kf6 48. Qb6+ Kg5 49. h4+ Kh6 50. a6 d3 51. Qe3+ f4 52. Qxe5 d2 53. Qh8# 1-0

[Event "Oskarja Memorial 10th"]
[Site "Chess.com INT"]
[Date "2021.01.16"]
[Round "14"]
[White "Nikolic, Boban"]
[Black "Bijelic, Milan"]
[Result "1-0"]
[WhiteElo "2200"]
[BlackElo "2019"]
[PlyCount "103"]
[EventDate "2021.01.16"]
[EventType "swiss (blitz)"]
[EventRounds "15"]
[EventCountry "SLO"]
[SourceTitle "CBM 200 Extra"]
[Source "ChessBase"]
[SourceDate "2021.03.31"]
[SourceVersion "1"]
[SourceVersionDate "2021.03.31"]
[SourceQuality "1"]

1. c4 c6 2. Nf3 d5 3. g3 Nf6 4. Bg2 Bf5 5. cxd5 cxd5 6. Qb3 Qc8 7. Nc3 e6 8. d3 Be7 9. Bf4 Nc6 10. Rc1 a6 11. 0-0 0-0 12. Na4 Nd7 13. Rc2 b5 14. Rfc1 bxa4 15. Qxa4 Ndb8 16. Bxb8 Qxb8 17. Qxc6 Bf6 18. e4 dxe4 19. dxe4 Bg4 20. e5 Be7 21. Qd7 Bb4 22. Nd4 Ra7 23. Qa4 Rb7 24. Nc6 Qe8 25. a3 Bf5 26. axb4 Bxc2 27. Rxc2 Rb6 28. Qa5 Rb7 29. Qxa6 Rc7 30. b5 Qd7 31. Bf3 Qd3 32. Rc3 Qb1+ 33. Kg2 Qxb2 34. Qa3 Qxb5 35. Ne7+ Rxe7 36. Qxe7 Qxe5 37. Rd3 g6 38. h4 h5 39. Re3 Qf5 40. Be4 Qb5 41. Qf6 Qe8 42. Rf3 Qd8 43. Qe5 Qe7 44. Rf6 Rd8 45. Rf3 Qd6 46. Qf6 Qd7 47. Bxg6 fxg6 48. Qxg6+ Qg7 49. Qxe6+ Kh8 50. Rf7 Qc3 51. Qh6+ Kg8 52. Qh7# 1-0